[Event "Sao Paulo FPX 65th"]
[Site "Sao Paulo"]
[Date "2006.10.18"]
[Round "4"]
[White "Cubas, Jose Fernando"]
[Black "Milos, Gilberto"]
[Result "0-1"]
[WhiteElo "2426"]
[BlackElo "2563"]
[PlyCount "100"]
[EventDate "2006.10.16"]
[EventType "tourn"]
[EventRounds "9"]
[EventCountry "BRA"]
[EventCategory "10"]
[SourceTitle "CBM 114 Extra"]
[Source "ChessBase"]
[SourceDate "2006.11.03"]
[SourceVersion "1"]
[SourceVersionDate "2006.11.03"]
[SourceQuality "1"]

1. e4 c5 2. Nf3 d6 3. d4 cxd4 4. Nxd4 Nf6 5. Nc3 Nc6 6. f3 e5 7. Nb3 Be7 8. Be3
O-O 9. Qd2 a5 10. Bb5 Be6 11. Rd1 Na7 12. Be2 Nc8 13. Qc1 Qc7 14. Nb5 Qc6 15.
c4 a4 16. Nd2 Bd8 17. O-O Bb6 18. Bxb6 Qxb6+ 19. Kh1 Na7 20. Nxa7 Rxa7 21. Nb1
Rc8 22. Qc3 Nh5 23. Qa3 Rc5 24. Nc3 Nf4 25. Nb5 Ra8 26. Rxd6 Rc6 27. c5 Qxc5
28. Qxc5 Rxc5 29. Rfd1 Kf8 30. Bf1 Bxa2 31. Rb6 Bb3 32. Ra1 Rc2 33. Rxb7 Rxb2
34. Nd6 a3 35. Bc4 Bxc4 36. Rxb2 axb2 37. Rxa8+ Ke7 38. Rb8 Kxd6 39. Rxb2 h5
40. h4 Kc5 41. Rd2 Nd3 42. Kh2 Kd4 43. g4 g6 44. Rc2 Ne1 45. Rf2 Ke3 46. Kg3
Be2 47. gxh5 gxh5 48. Rh2 Nxf3 49. Rf2 f6 50. Rg2 Nd2 0-1

[Event "Sao Paulo FPX 65th"]
[Site "Sao Paulo"]
[Date "2006.10.19"]
[Round "5"]
[White "Mekhitarian, Krikor Sevag"]
[Black "Cubas, Jose Fernando"]
[Result "0-1"]
[WhiteElo "2425"]
[BlackElo "2426"]
[PlyCount "72"]
[EventDate "2006.10.16"]
[EventType "tourn"]
[EventRounds "9"]
[EventCountry "BRA"]
[EventCategory "10"]
[SourceTitle "CBM 114 Extra"]
[Source "ChessBase"]
[SourceDate "2006.11.03"]
[SourceVersion "1"]
[SourceVersionDate "2006.11.03"]
[SourceQuality "1"]

1. e4 e6 2. d4 d5 3. Nc3 Nf6 4. Bg5 Bb4 5. e5 h6 6. Bd2 Bxc3 7. bxc3 Ne4 8. Qg4
g6 9. Qf4 g5 10. Qe3 f5 11. Bc1 c5 12. f3 cxd4 13. Qxd4 Nc6 14. Bb5 Qa5 15.
Bxc6+ bxc6 16. fxe4 c5 17. Qd2 dxe4 18. Ne2 Bb7 19. Qd6 Bd5 20. Rb1 Rd8 21. Rb8
Kf7 22. h4 g4 23. Rxd8 Rxd8 24. Bxh6 Rxd6 25. exd6 Qb6 26. d7 Bc6 27. Bf4 Bxd7
28. Kf2 e5 29. Bxe5 e3+ 30. Kg3 Qe6 31. Bf4 Bc6 32. h5 Qe4 33. Kh4 Bb5 34. h6
Bxe2 35. h7 Qxf4 36. h8=Q g3+ 0-1

[Event "Sao Paulo FPX 65th"]
[Site "Sao Paulo"]
[Date "2006.10.19"]
[Round "6"]
[White "Cubas, Jose Fernando"]
[Black "Fier, Alexandr"]
[Result "0-1"]
[WhiteElo "2426"]
[BlackElo "2490"]
[PlyCount "66"]
[EventDate "2006.10.16"]
[EventType "tourn"]
[EventRounds "9"]
[EventCountry "BRA"]
[EventCategory "10"]
[SourceTitle "CBM 114 Extra"]
[Source "ChessBase"]
[SourceDate "2006.11.03"]
[SourceVersion "1"]
[SourceVersionDate "2006.11.03"]
[SourceQuality "1"]

1. e4 c5 2. Nf3 d6 3. d4 cxd4 4. Nxd4 Nf6 5. Nc3 g6 6. Be3 Bg7 7. Be2 O-O 8.
Nb3 Nc6 9. f4 Be6 10. g4 Na5 11. g5 Ne8 12. Bd4 f5 13. h4 Nxb3 14. axb3 fxe4
15. h5 d5 16. hxg6 hxg6 17. Qd2 Qd6 18. Rh4 Qb4 19. Ra4 Qd6 20. Bb5 Bxd4 21.
Rxd4 Ng7 22. Nxd5 Bxd5 23. Rxd5 Qb6 24. Qh2 Qe3+ 25. Be2 Rac8 26. c3 Nh5 27. f5
Rcd8 28. Rxh5 gxh5 29. Qxh5 Qg1+ 30. Kd2 Rxd5+ 31. Kc2 Rfxf5 32. Qe8+ Kg7 33.
Qxe7+ Rf7 0-1

[Event "Sao Paulo FPX 65th"]
[Site "Sao Paulo"]
[Date "2006.10.20"]
[Round "7"]
[White "Crosa Coll, Martin"]
[Black "Cubas, Jose Fernando"]
[Result "1-0"]
[WhiteElo "2386"]
[BlackElo "2426"]
[PlyCount "117"]
[EventDate "2006.10.16"]
[EventType "tourn"]
[EventRounds "9"]
[EventCountry "BRA"]
[EventCategory "10"]
[SourceTitle "CBM 114 Extra"]
[Source "ChessBase"]
[SourceDate "2006.11.03"]
[SourceVersion "1"]
[SourceVersionDate "2006.11.03"]
[SourceQuality "1"]

1. e4 e6 2. d4 d5 3. Nc3 Nf6 4. e5 Nfd7 5. f4 c5 6. Nf3 Nc6 7. Be3 a6 8. Qd2 b5
9. a3 g5 10. fxg5 cxd4 11. Nxd4 Ncxe5 12. Be2 Nb6 13. O-O Bg7 14. b3 O-O 15.
Kh1 Ng6 16. Bh5 Bd7 17. Nf3 Rc8 18. Bd4 Qc7 19. Bxg6 hxg6 20. Rae1 Bxd4 21.
Qxd4 Qxc3 22. Qxb6 Qc5 23. Qxc5 Rxc5 24. Nd4 Rd8 25. Re5 Kf8 26. h4 Ke7 27. Re2
Rh8 28. g3 a5 29. Kg2 a4 30. Rf3 axb3 31. cxb3 Rc1 32. Rd3 Rhc8 33. g4 Rh8 34.
Rh3 Rd1 35. Nf3 d4 36. Ne5 Bc8 37. Rf2 Bb7+ 38. Kg3 Rc8 39. h5 Rc3+ 40. Kh4
Rxh3+ 41. Kxh3 d3 42. Rxf7+ Kd6 43. Rxb7 Kxe5 44. Rd7 Ke4 45. Kg2 e5 46. hxg6
Rc1 47. g7 Rc8 48. Kf2 Rg8 49. g6 Rc8 50. a4 bxa4 51. bxa4 Rg8 52. Rf7 Kd4 53.
Rd7+ Ke4 54. a5 Kf4 55. Rf7+ Ke4 56. a6 Kd4 57. Rd7+ Kc3 58. Ke3 e4 59. a7 1-0

[Event "Sao Paulo FPX 65th"]
[Site "Sao Paulo"]
[Date "2006.10.21"]
[Round "8"]
[White "Cubas, Jose Fernando"]
[Black "Giaccio, Alfredo Gustavo"]
[Result "0-1"]
[WhiteElo "2426"]
[BlackElo "2462"]
[PlyCount "126"]
[EventDate "2006.10.16"]
[EventType "tourn"]
[EventRounds "9"]
[EventCountry "BRA"]
[EventCategory "10"]
[SourceTitle "CBM 114 Extra"]
[Source "ChessBase"]
[SourceDate "2006.11.03"]
[SourceVersion "1"]
[SourceVersionDate "2006.11.03"]
[SourceQuality "1"]

1. e4 e6 2. d4 d5 3. Nc3 Bb4 4. exd5 exd5 5. Bd3 Nc6 6. a3 Ba5 7. Nge2 Nge7 8.
O-O Bxc3 9. bxc3 Bf5 10. Rb1 Rb8 11. c4 Bxd3 12. Qxd3 dxc4 13. Qxc4 O-O 14. Rb5
Qd7 15. Rg5 h6 16. Rg3 Nf5 17. Rd3 Rfe8 18. Ng3 Nxg3 19. hxg3 Rbd8 20. Bb2 Re4
21. Rfd1 Qf5 22. f3 Re7 23. d5 Ne5 24. Qc3 f6 25. Rd4 Qg6 26. Qb3 Kh8 27. g4 b6
28. Re4 Nxf3+ 29. gxf3 Rxe4 30. Qd3 Rde8 31. Kf1 Rxg4 32. fxg4 Qxg4 33. Rd2 Qh4
34. Re2 Qh1+ 35. Kf2 Qh2+ 36. Ke1 Rxe2+ 37. Qxe2 Qh1+ 38. Kd2 Qxd5+ 39. Kc1 h5
40. c4 Qg5+ 41. Kb1 h4 42. Qf3 Qg6+ 43. Ka1 c5 44. Bc1 f5 45. Kb2 Kh7 46. Kc2
a6 47. a4 Qe8 48. Kd3 Qd7+ 49. Ke2 Qe6+ 50. Kf2 Qxc4 51. Qxf5+ Kg8 52. Qc8+ Kf7
53. Qf5+ Ke8 54. Qc8+ Ke7 55. Bg5+ Kd6 56. Qf8+ Ke5 57. Bd2 Qg4 58. Bc3+ Ke4
59. Qe7+ Kd3 60. Qe3+ Kc4 61. Be5 h3 62. Kf1 Kd5 63. a5 b5 0-1

[Event "Sao Paulo FPX 65th"]
[Site "Sao Paulo"]
[Date "2006.10.22"]
[Round "9"]
[White "Matsuura, Everaldo"]
[Black "Cubas, Jose Fernando"]
[Result "1/2-1/2"]
[WhiteElo "2460"]
[BlackElo "2426"]
[PlyCount "73"]
[EventDate "2006.10.16"]
[EventType "tourn"]
[EventRounds "9"]
[EventCountry "BRA"]
[EventCategory "10"]
[SourceTitle "CBM 114 Extra"]
[Source "ChessBase"]
[SourceDate "2006.11.03"]
[SourceVersion "1"]
[SourceVersionDate "2006.11.03"]
[SourceQuality "1"]

1. c4 Nf6 2. Nc3 c6 3. e4 e5 4. Nf3 Qa5 5. Be2 Bb4 6. Qc2 O-O 7. O-O Re8 8. a3
Bxc3 9. dxc3 d6 10. Bg5 Nbd7 11. Rad1 Qc7 12. Rd2 h6 13. Bxf6 Nxf6 14. Rfd1 Re6
15. Nh4 g6 16. Qd3 b6 17. Qe3 Kh7 18. Bf3 Ba6 19. Nf5 gxf5 20. exf5 Ree8 21.
Rxd6 Qe7 22. Bxc6 Red8 23. Qd2 Rac8 24. Rxd8 Rxc6 25. b3 Bc8 26. Rd6 Rc5 27.
Rd8 Bxf5 28. Ra8 Rc7 29. Qd8 Bc2 30. Qh8+ Kg6 31. Re1 Bxb3 32. g4 Rxc4 33. Rg8+
Nxg8 34. Qxg8+ Kf6 35. Qh8+ Kg6 36. Qg8+ Kf6 37. Qh8+ 1/2-1/2

[Event "ESP-ch op"]
[Site "Leon"]
[Date "2006.11.23"]
[Round "2"]
[White "Granados Gomez, Manuel"]
[Black "Cubas Pons, Juan Miguel"]
[Result "1-0"]
[WhiteElo "2436"]
[BlackElo "2211"]
[PlyCount "83"]
[EventDate "2006.11.22"]
[EventType "swiss"]
[EventRounds "9"]
[EventCountry "ESP"]
[SourceTitle "CBM 115 Extra"]
[Source "ChessBase"]
[SourceDate "2007.01.10"]
[SourceVersion "1"]
[SourceVersionDate "2007.01.10"]
[SourceQuality "1"]

1. d4 d5 2. c4 e6 3. Nc3 c6 4. Nf3 dxc4 5. e3 b5 6. a4 Bb4 7. Bd2 a5 8. axb5
Bxc3 9. Bxc3 cxb5 10. b3 Bb7 11. bxc4 b4 12. Bb2 Nf6 13. Bd3 Nbd7 14. O-O O-O
15. Nd2 e5 16. f4 exd4 17. exd4 Re8 18. d5 Nc5 19. Bc2 Ba6 20. Qf3 Rc8 21. Bf5
Ra8 22. Bd4 Ne6 23. Bf2 Bb7 24. Bc2 Qd6 25. Ne4 Nxe4 26. Qxe4 g6 27. Qe5 Qxe5
28. fxe5 Nf4 29. Bb6 Nxd5 30. cxd5 Bxd5 31. Rxa5 Rxa5 32. Bxa5 b3 33. Bd3 Rxe5
34. Re1 Rxe1+ 35. Bxe1 f6 36. Bc3 Kf7 37. Kf2 Ke6 38. g3 Kf7 39. Ke3 Kg7 40.
Kd4 Bf3 41. Kc5 g5 42. Kd6 1-0

[Event "ESP-ch op"]
[Site "Leon"]
[Date "2006.11.25"]
[Round "4"]
[White "Marcos Robles, Juan Antonio"]
[Black "Cubas Pons, Juan Miguel"]
[Result "0-1"]
[WhiteElo "1728"]
[BlackElo "2211"]
[PlyCount "80"]
[EventDate "2006.11.22"]
[EventType "swiss"]
[EventRounds "9"]
[EventCountry "ESP"]
[SourceTitle "CBM 115 Extra"]
[Source "ChessBase"]
[SourceDate "2007.01.10"]
[SourceVersion "1"]
[SourceVersionDate "2007.01.10"]
[SourceQuality "1"]

1. c4 e6 2. Nc3 d5 3. cxd5 exd5 4. Nf3 Nf6 5. g3 Bg4 6. Bg2 c6 7. d4 Nbd7 8.
O-O Bd6 9. Qd3 O-O 10. e4 dxe4 11. Nxe4 Nxe4 12. Qxe4 Nf6 13. Qc2 Qb6 14. Be3
Nd5 15. Ng5 g6 16. Ne4 Bf5 17. Qc1 Nxe3 18. Nxd6 Qxd4 19. Nxf5 Nxf5 20. Rd1 Qb6
21. Qc4 Rad8 22. b3 Rd4 23. Qe2 Rfd8 24. Rxd4 Qxd4 25. Re1 Qd2 26. Kf1 Qxe2+
27. Rxe2 Rd1+ 28. Re1 Rxe1+ 29. Kxe1 Kf8 30. Kd2 Ke7 31. Kd3 Kd6 32. Bf3 Kc5
33. Kc3 a5 34. Bg4 Nd6 35. f3 f5 36. Bh3 Nb5+ 37. Kd3 Kb4 38. a4 Nc7 39. Kc2
Ne6 40. g4 f4 0-1

[Event "ESP-ch op"]
[Site "Leon"]
[Date "2006.11.26"]
[Round "5"]
[White "Cubas Pons, Juan Miguel"]
[Black "Llaneza Vega, Marcos"]
[Result "0-1"]
[WhiteElo "2211"]
[BlackElo "2381"]
[PlyCount "126"]
[EventDate "2006.11.22"]
[EventType "swiss"]
[EventRounds "9"]
[EventCountry "ESP"]
[SourceTitle "CBM 115 Extra"]
[Source "ChessBase"]
[SourceDate "2007.01.10"]
[SourceVersion "1"]
[SourceVersionDate "2007.01.10"]
[SourceQuality "1"]

1. d4 d5 2. c4 Nc6 3. Nf3 Bg4 4. cxd5 Bxf3 5. dxc6 Bxc6 6. Nc3 e6 7. Bf4 Nf6 8.
e3 Bd6 9. Bxd6 Qxd6 10. f3 O-O-O 11. Qc2 e5 12. Qf5+ Kb8 13. O-O-O Qb4 14. Qxe5
Nd5 15. a3 Qa5 16. Nxd5 Bxd5 17. e4 Rhe8 18. Qg5 f6 19. Qd2 Qxd2+ 20. Rxd2 Bf7
21. Bb5 Re6 22. Rhd1 Rb6 23. Ba4 Kc8 24. d5 Rbd6 25. f4 f5 26. Bc2 fxe4 27.
Bxe4 h6 28. Bf5+ Kb8 29. Be6 Be8 30. b3 a5 31. g4 a4 32. b4 Bb5 33. f5 Bc4 34.
Rd4 Bb3 35. R1d3 c6 36. Kd2 cxd5 37. Ke3 g5 38. Rc3 Bc4 39. Kf2 b5 40. Rh3 Rh8
41. Rh5 Rdd8 42. Ke3 Kc7 43. Rd2 Kd6 44. Kd4 Bb3 45. h4 gxh4 46. Rxh4 Rh7 47.
g5 Rc7 48. Rxh6 Rc4+ 49. Kd3 Ke5 50. g6 Rg4 51. Re2+ Kf6 52. Reh2 Bc4+ 53. Kd2
Ke5 54. Rf2 Rf8 55. Bf7 d4 56. Rh7 Kf6 57. Bxc4 bxc4 58. Rc7 c3+ 59. Kd3 Rd8
60. Rf7+ Ke5 61. g7 Rg3+ 62. Kc4 Rc8+ 63. Kb5 c2 0-1

[Event "ESP-ch op"]
[Site "Leon"]
[Date "2006.11.27"]
[Round "6"]
[White "Diaz Rodriguez, Jose Carlos"]
[Black "Cubas Pons, Juan Miguel"]
[Result "0-1"]
[WhiteElo "2133"]
[BlackElo "2211"]
[PlyCount "80"]
[EventDate "2006.11.22"]
[EventType "swiss"]
[EventRounds "9"]
[EventCountry "ESP"]
[SourceTitle "CBM 115 Extra"]
[Source "ChessBase"]
[SourceDate "2007.01.10"]
[SourceVersion "1"]
[SourceVersionDate "2007.01.10"]
[SourceQuality "1"]

1. e4 e6 2. d4 d5 3. exd5 exd5 4. Bd3 Nc6 5. Nf3 Bg4 6. c3 Bd6 7. O-O Nge7 8.
Bg5 f6 9. Bh4 Qd7 10. Nbd2 O-O-O 11. Qa4 Kb8 12. Bb5 h5 13. b4 Qf5 14. Bg3 g5
15. Rfe1 h4 16. Bxd6 Rxd6 17. Re3 Qf4 18. Bxc6 Nxc6 19. Rae1 Bd7 20. b5 Ne5 21.
c4 Nxc4 22. Nxc4 dxc4 23. Qxc4 g4 24. Nxh4 Rxd4 25. Qc3 Qd6 26. g3 Rd8 27. a4
b6 28. Qc2 Qd5 29. Re7 Rd2 30. Qc3 Rd4 31. Qc2 Rc4 32. Rd1 Rd4 33. Rxd4 Qxd4
34. Nf5 Qd5 35. Ne3 Qd6 36. Qe4 a6 37. Nc4 Qd1+ 38. Kg2 Bc8 39. Ne3 Qd6 40. Nc4
Qc5 0-1

[Event "ESP-ch op"]
[Site "Leon"]
[Date "2006.11.28"]
[Round "7"]
[White "Cubas Pons, Juan Miguel"]
[Black "Franco Alonso, Alejandro"]
[Result "0-1"]
[WhiteElo "2211"]
[BlackElo "2421"]
[PlyCount "72"]
[EventDate "2006.11.22"]
[EventType "swiss"]
[EventRounds "9"]
[EventCountry "ESP"]
[SourceTitle "CBM 115 Extra"]
[Source "ChessBase"]
[SourceDate "2007.01.10"]
[SourceVersion "1"]
[SourceVersionDate "2007.01.10"]
[SourceQuality "1"]

1. d4 Nf6 2. Nf3 e6 3. c4 b6 4. g3 Ba6 5. Qa4 Bb7 6. Bg2 c5 7. dxc5 bxc5 8. O-O
Be7 9. Nc3 Qb6 10. Bf4 O-O 11. Qc2 d5 12. Na4 Qc6 13. Ne5 Qc8 14. cxd5 exd5 15.
Rac1 Na6 16. Rfd1 Rd8 17. Qb3 Rb8 18. Qb5 Nh5 19. Bd2 Bd6 20. Bc3 Re8 21. f4
Nf6 22. Qd3 d4 23. Bxb7 Qxb7 24. Nc4 Bc7 25. Ba5 Nd5 26. Bxc7 Qxc7 27. e4 Ndb4
28. Qe2 Qc6 29. a3 Na2 30. Ra1 Qxa4 31. Nd6 Re6 32. e5 Qc6 33. f5 Qxd6 34. fxe6
Qxe6 35. b4 Nc3 36. Qd3 c4 0-1

[Event "ESP-ch op"]
[Site "Leon"]
[Date "2006.11.29"]
[Round "8"]
[White "Jimenez Martin, Gustavo"]
[Black "Cubas Pons, Juan Miguel"]
[Result "0-1"]
[WhiteElo "2106"]
[BlackElo "2211"]
[PlyCount "56"]
[EventDate "2006.11.22"]
[EventType "swiss"]
[EventRounds "9"]
[EventCountry "ESP"]
[SourceTitle "CBM 115 Extra"]
[Source "ChessBase"]
[SourceDate "2007.01.10"]
[SourceVersion "1"]
[SourceVersionDate "2007.01.10"]
[SourceQuality "1"]

1. d4 d5 2. f4 Nf6 3. Nf3 g6 4. e3 Bg7 5. Bd3 c5 6. Nbd2 Qc7 7. Ne5 b6 8. O-O
O-O 9. c3 Ba6 10. Bxa6 Nxa6 11. Qe2 Qb7 12. b3 b5 13. a4 b4 14. cxb4 cxd4 15.
exd4 Nxb4 16. Bb2 Rfc8 17. Rfc1 Nc2 18. Rab1 Rc7 19. Nd3 Ne4 20. Nxe4 dxe4 21.
Rxc2 exd3 22. Qxd3 Rxc2 23. Qxc2 Rb8 24. Bc3 Rc8 25. Qd2 Qc6 26. Rc1 Qd5 27.
Qb2 Rxc3 28. Rxc3 Qxd4+ 0-1

[Event "ESP-ch op"]
[Site "Leon"]
[Date "2006.11.30"]
[Round "9"]
[White "Cubas Pons, Juan Miguel"]
[Black "Almagro Llamas, Pablo"]
[Result "1/2-1/2"]
[WhiteElo "2211"]
[BlackElo "2404"]
[PlyCount "71"]
[EventDate "2006.11.22"]
[EventType "swiss"]
[EventRounds "9"]
[EventCountry "ESP"]
[SourceTitle "CBM 115 Extra"]
[Source "ChessBase"]
[SourceDate "2007.01.10"]
[SourceVersion "1"]
[SourceVersionDate "2007.01.10"]
[SourceQuality "1"]

1. e4 c6 2. d4 d5 3. Nd2 dxe4 4. Nxe4 Bf5 5. Ng3 Bg6 6. Nf3 Nf6 7. Bd3 e6 8.
O-O Nbd7 9. c4 Qc7 10. b3 Be7 11. Re1 O-O-O 12. Bxg6 hxg6 13. Bd2 Nh5 14. Qc1
Nxg3 15. fxg3 e5 16. c5 Bf6 17. Qa3 Kb8 18. Ba5 b6 19. cxb6 Nxb6 20. dxe5 Be7
21. Bb4 c5 22. Rac1 Rd5 23. Qa6 g5 24. Ba5 Rhd8 25. g4 Rd3 26. b4 Qc6 27. Rf1
Ra3 28. Qe2 c4 29. Kh1 Rc8 30. Nd4 Qd5 31. Nf5 Bf8 32. Nd6 Bxd6 33. exd6 Rd3
34. Qe7 Rd2 35. Rf3 Rd1+ 36. Rf1 1/2-1/2

[Event "Asuncion Par de Alfiles"]
[Site "Asuncion"]
[Date "2006.12.05"]
[Round "1"]
[White "Cubas, Jose Fernando"]
[Black "Valiente, Cristobal"]
[Result "1-0"]
[WhiteElo "2426"]
[BlackElo "2276"]
[PlyCount "71"]
[EventDate "2006.12.05"]
[EventType "tourn"]
[EventRounds "11"]
[EventCountry "PAR"]
[EventCategory "1"]
[SourceTitle "EXT 2008"]
[Source "ChessBase"]
[SourceDate "2007.11.25"]
[SourceVersion "1"]
[SourceVersionDate "2007.11.25"]
[SourceQuality "1"]

1. e4 d6 2. d4 g6 3. Nc3 Bg7 4. Be3 c6 5. h3 Nf6 6. g4 O-O 7. Bg2 e5 8. Nge2
Nbd7 9. f4 exf4 10. Bxf4 Nb6 11. O-O Be6 12. Qd2 Nc4 13. Qc1 Ne8 14. b3 Nb6 15.
Bh6 d5 16. Bxg7 Nxg7 17. Qh6 f6 18. Rf2 dxe4 19. Nxe4 Bd5 20. Nf4 Qe7 21. Nxd5
Nxd5 22. Raf1 f5 23. Ng5 Nf6 24. Be4 Ne6 25. Bxf5 gxf5 26. Nxe6 Qxe6 27. Rxf5
Qd7 28. c3 Qe7 29. Rxf6 Rxf6 30. Qxf6 Qe3+ 31. Kg2 Re8 32. Qf7+ Kh8 33. Qf6+
Kg8 34. Qf7+ Kh8 35. Qf3 Kg7 36. h4 1-0

[Event "Asuncion Par de Alfiles"]
[Site "Asuncion"]
[Date "2006.12.06"]
[Round "2"]
[White "Cubas, Jose Fernando"]
[Black "Zacarias, Rodrigo Medeiros"]
[Result "1/2-1/2"]
[WhiteElo "2426"]
[BlackElo "2047"]
[PlyCount "40"]
[EventDate "2006.12.05"]
[EventType "tourn"]
[EventRounds "11"]
[EventCountry "PAR"]
[EventCategory "1"]
[SourceTitle "EXT 2008"]
[Source "ChessBase"]
[SourceDate "2007.11.25"]
[SourceVersion "1"]
[SourceVersionDate "2007.11.25"]
[SourceQuality "1"]

1. e4 e6 2. d4 d5 3. Nc3 Nf6 4. e5 Nfd7 5. Nf3 c5 6. dxc5 Nc6 7. Bf4 Bxc5 8.
Bd3 Be7 9. h4 f6 10. exf6 Nxf6 11. Qe2 Bd6 12. Ne5 O-O 13. O-O-O a6 14. Rde1
Qc7 15. Rhf1 Bd7 16. Kb1 Rae8 17. f3 Nh5 18. Bh2 Nxe5 19. Bxe5 Ng3 20. Bxg3
Bxg3 1/2-1/2

[Event "Asuncion Par de Alfiles"]
[Site "Asuncion"]
[Date "2006.12.07"]
[Round "3"]
[White "Latorre, Manuel"]
[Black "Cubas, Jose Fernando"]
[Result "0-1"]
[WhiteElo "2247"]
[BlackElo "2426"]
[PlyCount "75"]
[EventDate "2006.12.05"]
[EventType "tourn"]
[EventRounds "11"]
[EventCountry "PAR"]
[EventCategory "1"]
[SourceTitle "EXT 2008"]
[Source "ChessBase"]
[SourceDate "2007.11.25"]
[SourceVersion "1"]
[SourceVersionDate "2007.11.25"]
[SourceQuality "1"]

1. d4 Nf6 2. c4 c6 3. Nf3 d5 4. e3 e6 5. Nbd2 Nbd7 6. b3 Bd6 7. Bb2 Qe7 8. Ne5
O-O 9. Bd3 Ba3 10. Bxa3 Qxa3 11. O-O dxc4 12. Ndxc4 Qe7 13. f4 Rd8 14. Qf3 Nf8
15. Rad1 Ne8 16. Qg3 f6 17. Ng4 Nd6 18. Nxd6 Rxd6 19. Qh4 Bd7 20. Rf3 Be8 21.
Rh3 h5 22. Nf2 Rad8 23. Ne4 R6d7 24. Rg3 Kh8 25. Be2 Rd5 26. Bf3 Nh7 27. Qh3
Bf7 28. Nc3 Ra5 29. Be4 f5 30. Bb1 g5 31. fxg5 Nxg5 32. Rxg5 Qxg5 33. a4 c5 34.
d5 exd5 35. Bxf5 Ra6 36. Ne2 Re8 37. Rd3 Rf6 38. g4 0-1

[Event "Asuncion Par de Alfiles"]
[Site "Asuncion"]
[Date "2006.12.08"]
[Round "4"]
[White "Cubas, Jose Fernando"]
[Black "Lipiniks, Leonardo"]
[Result "1/2-1/2"]
[WhiteElo "2426"]
[BlackElo "2139"]
[PlyCount "103"]
[EventDate "2006.12.05"]
[EventType "tourn"]
[EventRounds "11"]
[EventCountry "PAR"]
[EventCategory "1"]
[SourceTitle "EXT 2008"]
[Source "ChessBase"]
[SourceDate "2007.11.25"]
[SourceVersion "1"]
[SourceVersionDate "2007.11.25"]
[SourceQuality "1"]

1. e4 e5 2. Ne2 Nf6 3. f4 Nc6 4. fxe5 Nxe4 5. d3 Ng5 6. h4 Ne6 7. d4 d5 8. Nbc3
Be7 9. g3 f6 10. exf6 Bxf6 11. Be3 O-O 12. Bg2 Ne7 13. O-O c6 14. Qd2 g6 15.
Bh6 Ng7 16. Bg5 Nef5 17. Bxf6 Rxf6 18. Rf3 Nd6 19. Qg5 Rf8 20. Rxf8+ Qxf8 21.
Rf1 Nf7 22. Qf4 Be6 23. Nd1 Qe7 24. Ne3 Re8 25. Nc1 Nh5 26. Qf2 Kg7 27. Nd3 Nf6
28. Re1 Ne4 29. Bxe4 dxe4 30. Nf4 Nd6 31. g4 Bd7 32. Qg3 Rf8 33. c4 Qf6 34. Rf1
Qe7 35. a4 Kg8 36. c5 Ne8 37. b4 g5 38. hxg5 Qxg5 39. Nh5 Rxf1+ 40. Kxf1 Nf6
41. Qb8+ Kf7 42. Qd8 h6 43. Nc4 Qc1+ 44. Kg2 Qc2+ 45. Kg3 Nxh5+ 46. gxh5 Qd3+
47. Kf4 Qf3+ 48. Ke5 Qf5+ 49. Kd6 Qe6+ 50. Kc7 Be8 51. Ne5+ Kf8 52. Kb8 1/2-1/2

[Event "Asuncion Par de Alfiles"]
[Site "Asuncion"]
[Date "2006.12.08"]
[Round "5"]
[White "Kropff, Ricardo"]
[Black "Cubas, Jose Fernando"]
[Result "0-1"]
[WhiteElo "2329"]
[BlackElo "2426"]
[PlyCount "76"]
[EventDate "2006.12.05"]
[EventType "tourn"]
[EventRounds "11"]
[EventCountry "PAR"]
[EventCategory "1"]
[SourceTitle "EXT 2008"]
[Source "ChessBase"]
[SourceDate "2007.11.25"]
[SourceVersion "1"]
[SourceVersionDate "2007.11.25"]
[SourceQuality "1"]

1. d4 d5 2. c4 c6 3. Nc3 Nf6 4. cxd5 cxd5 5. Bf4 Nc6 6. e3 Bf5 7. Nf3 e6 8. Bb5
Nd7 9. O-O Rc8 10. Rc1 Be7 11. Na4 g5 12. Bg3 h5 13. h3 g4 14. Ne5 Ndxe5 15.
Bxe5 f6 16. hxg4 hxg4 17. Bg3 Kf7 18. Nc5 Qf8 19. f3 gxf3 20. Qxf3 Bxc5 21.
dxc5 Qg7 22. Bxc6 bxc6 23. Qf4 Rh5 24. Rc3 e5 25. Qf2 Rch8 26. Bh4 Qg5 27. Qg3
Qxg3 28. Bxg3 Rg8 29. Bh2 Be4 30. Rf2 Rgh8 31. g3 Rh3 32. Ra3 Ke6 33. Ra6 Rxg3+
34. Kf1 Bd3+ 35. Ke1 Rxe3+ 36. Kd2 Bxa6 37. Kxe3 d4+ 38. Kf3 f5 0-1

[Event "Asuncion Par de Alfiles"]
[Site "Asuncion"]
[Date "2006.12.09"]
[Round "6"]
[White "Cubas, Jose Fernando"]
[Black "Escofet Fernandez, Jaime"]
[Result "1/2-1/2"]
[WhiteElo "2426"]
[BlackElo "2165"]
[PlyCount "47"]
[EventDate "2006.12.05"]
[EventType "tourn"]
[EventRounds "11"]
[EventCountry "PAR"]
[EventCategory "1"]
[SourceTitle "EXT 2008"]
[Source "ChessBase"]
[SourceDate "2007.11.25"]
[SourceVersion "1"]
[SourceVersionDate "2007.11.25"]
[SourceQuality "1"]

1. e4 e6 2. d4 d5 3. Nc3 Bb4 4. Nge2 dxe4 5. a3 Be7 6. Nxe4 Nd7 7. N2g3 Ngf6 8.
Nxf6+ Nxf6 9. Be3 O-O 10. Bd3 b6 11. Qe2 Bb7 12. c4 c5 13. O-O-O Qc7 14. Kb1 a6
15. Rhe1 Rfe8 16. dxc5 bxc5 17. Bd2 Rad8 18. Bc3 Bc6 19. Nh5 Nxh5 20. Qxh5 g6
21. Qh3 Bf8 22. Be5 Qb7 23. Qh4 Bg7 24. Bxg7 1/2-1/2

[Event "Asuncion Par de Alfiles"]
[Site "Asuncion"]
[Date "2006.12.09"]
[Round "7"]
[White "Bronstein, Luis Marcos"]
[Black "Cubas, Jose Fernando"]
[Result "1/2-1/2"]
[WhiteElo "2334"]
[BlackElo "2426"]
[PlyCount "20"]
[EventDate "2006.12.05"]
[EventType "tourn"]
[EventRounds "11"]
[EventCountry "PAR"]
[EventCategory "1"]
[SourceTitle "EXT 2008"]
[Source "ChessBase"]
[SourceDate "2007.11.25"]
[SourceVersion "1"]
[SourceVersionDate "2007.11.25"]
[SourceQuality "1"]

1. e4 e6 2. d4 d5 3. Nc3 Nf6 4. Bg5 Bb4 5. exd5 exd5 6. Qf3 Qe7+ 7. Nge2 Qe4 8.
a3 Qxf3 9. gxf3 Bxc3+ 10. Nxc3 c6 1/2-1/2

[Event "Asuncion Par de Alfiles"]
[Site "Asuncion"]
[Date "2006.12.10"]
[Round "8"]
[White "Cubas, Jose Fernando"]
[Black "Deus Filho, Joaquim"]
[Result "1-0"]
[WhiteElo "2426"]
[BlackElo "2064"]
[PlyCount "101"]
[EventDate "2006.12.05"]
[EventType "tourn"]
[EventRounds "11"]
[EventCountry "PAR"]
[EventCategory "1"]
[SourceTitle "EXT 2008"]
[Source "ChessBase"]
[SourceDate "2007.11.25"]
[SourceVersion "1"]
[SourceVersionDate "2007.11.25"]
[SourceQuality "1"]

1. e4 c5 2. Nf3 d6 3. d4 cxd4 4. Nxd4 Nf6 5. Nc3 g6 6. Be3 Bg7 7. Be2 Nc6 8.
Nb3 O-O 9. f4 Be6 10. g4 Na5 11. g5 Nd7 12. Bd4 Bxd4 13. Qxd4 Nxb3 14. axb3 Qb6
15. Qxb6 Nxb6 16. Ra5 a6 17. h4 Rac8 18. f5 Bd7 19. Bd3 Rc5 20. b4 Rc7 21. Ra1
e6 22. f6 Nc4 23. Bxc4 Rxc4 24. h5 Bc6 25. Rh4 d5 26. Ke2 Rd8 27. Rah1 Rd7 28.
exd5 exd5 29. hxg6 fxg6 30. Kd3 b5 31. Rd4 Bb7 32. Nb1 Rc8 33. Re1 Kf7 34. Rh4
h5 35. Rd4 Re8 36. Rxe8 Kxe8 37. Nd2 Rd6 38. Nb3 Bc8 39. Nc5 Bf5+ 40. Kd2 Kf7
41. c3 Be6 42. Ke3 Rc6 43. Kf4 h4 44. Ke5 h3 45. Rh4 Bf5 46. Kxd5 Rc8 47. Nb7
Kg8 48. Nd6 Rd8 49. Ke5 Bd7 50. Rh6 Bf5 51. Nxf5 1-0